| 000 | 00686nam a22001937a 4500 | ||
|---|---|---|---|
| 005 | 20160114151250.0 | ||
| 010 | _aENG-114407 | ||
| 020 |
_a9789351435570 _c295.00 |
||
| 035 | _aEN-97939 | ||
| 037 | _bDBAD/PUB | ||
| 082 | _a336.54 | ||
| 100 | _aTarapore, S.S. | ||
| 245 |
_aUnified financial code : is India ready : _bis India ready : a critique on the financial sector legislative reforms commission report / _cby S.S. Tarapore |
||
| 260 |
_aGurgaon _bLexisNexis _c2015 |
||
| 270 |
_a14th Floor, Building No.10, Tower-B, DLF Cyber City, Phase-II _bGurgaon _e122002 |
||
| 300 |
_axii,166p. _c22cm(pbk) |
||
| 500 | _aIncludes index | ||
| 942 |
_2ddc _cEN _mTAR _h336.54 |
||
| 999 |
_c97958 _d97958 |
||